[Event "XXVII Festival Conca della Presolana A"]
[Site "Bratto - Castione della Presolana ITA"]
[Date "2007.08.25"]
[Round "3"]
[White "Gasperoni, Stefano"]
[Black "Danieli, Enrico"]
[Result "1-0"]
[WhiteElo "2024"]
[BlackElo "2117"]
[PlyCount "127"]
[EventDate "2007.08.23"]

1. e4 c6 2. b3 d5 3. Bb2 dxe4 4. Nc3 Nf6 5. Nge2 Bf5 6. Ng3 Bg6 7. h4 h6 8. h5
Bh7 9. Qe2 e6 10. Ngxe4 Be7 11. O-O-O Nbd7 12. d4 Qc7 13. g3 O-O-O 14. Bg2 Nxe4
15. Bxe4 Bxe4 16. Nxe4 Nf6 17. Nd2 Qa5 18. Kb1 Nd5 19. Qf3 Bf6 20. Nc4 Qc7 21.
Ne5 Rhf8 22. Ng4 Be7 23. Ne5 Nf6 24. Qe2 Qa5 25. Nxf7 Rde8 26. Qxe6+ Nd7 27.
Ne5 Qd5 28. Qxd7+ Qxd7 29. Nxd7 Kxd7 30. f4 Rf5 31. Rde1 Rg8 32. Re5 Rxe5 33.
dxe5 Ke6 34. g4 Kd5 35. Rd1+ Ke4 36. Rd7 Re8 37. Bc1 Kf3 38. g5 Kg4 39. gxh6
gxh6 40. Rxb7 Kxh5 41. f5 Bc5 42. Rh7 Rxe5 43. Rxh6+ Kg4 44. Rxc6 Kxf5 45. Bd2
Rd5 46. Kb2 Bd4+ 47. Bc3 Be3 48. a4 Rd1 49. b4 Ke4 50. Re6+ Kf3 51. b5 Bc1+ 52.
Kb3 Be3 53. a5 Rb1+ 54. Kc4 Rc1 55. Kd5 Rxc2 56. Rxe3+ Kxe3 57. Bd4+ Kd3 58.
Bxa7 Ra2 59. a6 Ra5 60. Kc5 Ra1 61. Kc6 Kc4 62. Be3 Rf1 63. b6 Rf6+ 64. Kd7 1-0

[Event "XXVII Festival Conca della Presolana A"]
[Site "Bratto - Castione della Presolana ITA"]
[Date "2007.08.25"]
[Round "3"]
[White "Jablon, Stephen"]
[Black "Capurro, Giuliano"]
[Result "1-0"]
[WhiteElo "2024"]
[BlackElo "2139"]
[PlyCount "85"]
[EventDate "2007.08.23"]

1. f4 d5 2. b3 Nf6 3. Nf3 c5 4. e3 Nc6 5. Bb5 Bg4 6. h3 Bd7 7. a4 e6 8. Bb2 Ne4
9. Nc3 Ng3 10. Rg1 Be7 11. Ne2 Bh4 12. Nxh4 Qxh4 13. Nxg3 Qxg3+ 14. Kf1 Nb4 15.
Qe2 a6 16. Bxd7+ Kxd7 17. Qh5 Raf8 18. Qe5 f6 19. Qc3 d4 20. Qxc5 dxe3 21. dxe3
Nd5 22. Rd1 Ke8 23. Qc8+ Kf7 24. Qd7+ Kg6 25. f5+ Kh5 26. Rd3 Nxe3+ 27. Rxe3
Qxe3 28. Qd1+ Kh6 29. Bc1 Qg5 30. fxe6 Kg6 31. Bxg5 fxg5+ 32. Ke1 Re8 33. Qd7
Rhf8 34. e7 Kh6 35. Kd1 Rg8 36. Qxb7 g6 37. c4 Rb8 38. Qd5 Rge8 39. Qd7 Rg8 40.
Rf1 Rge8 41. Kc2 a5 42. Kc3 Rg8 43. Qd6 1-0

[Event "XXVII Festival Conca della Presolana A"]
[Site "Bratto - Castione della Presolana ITA"]
[Date "2007.08.25"]
[Round "3"]
[White "Khenkin, Igor"]
[Black "Rombaldoni, Axel"]
[Result "1-0"]
[WhiteElo "2602"]
[BlackElo "2269"]
[PlyCount "31"]
[EventDate "2007.08.23"]

1. d4 d5 2. c4 e6 3. Nc3 c6 4. e3 f5 5. g4 Nf6 6. gxf5 exf5 7. Qb3 dxc4 8. Bxc4
Bd6 9. Nf3 Qe7 10. Ng5 b5 11. Bf7+ Kf8 12. Be6 Nfd7 13. a4 h6 14. Nf7 Nc5 15.
dxc5 Bxe6 16. Nxh8 1-0

[Event "XXVII Festival Conca della Presolana A"]
[Site "Bratto - Castione della Presolana ITA"]
[Date "2007.08.25"]
[Round "3"]
[White "Kilpatrick, Callum"]
[Black "Carosso, Andrea"]
[Result "1-0"]
[WhiteElo "2120"]
[BlackElo "2046"]
[PlyCount "57"]
[EventDate "2007.08.23"]

1. e4 c6 2. d4 d5 3. exd5 cxd5 4. c4 Nf6 5. Nc3 e6 6. Nf3 Bb4 7. cxd5 Nxd5 8.
Bd2 O-O 9. Bd3 Nc6 10. O-O Be7 11. Ne4 b6 12. Qe2 Ncb4 13. Bc4 Bb7 14. a3 Nc6
15. Rad1 Nf6 16. Bd3 Qd5 17. Bc3 Nxe4 18. Bxe4 Qh5 19. d5 Bd6 20. dxc6 Bxh2+
21. Nxh2 Qxe2 22. Rfe1 Qb5 23. cxb7 Rab8 24. Be5 g6 25. Ng4 Rfd8 26. Nf6+ Kf8
27. Bxb8 Rxd1 28. Rxd1 Qe2 29. Bf3 1-0

[Event "XXVII Festival Conca della Presolana A"]
[Site "Bratto - Castione della Presolana ITA"]
[Date "2007.08.25"]
[Round "3"]
[White "Madiai, Federico"]
[Black "Scalcione, Michelangelo"]
[Result "0-1"]
[WhiteElo "2044"]
[BlackElo "2288"]
[PlyCount "80"]
[EventDate "2007.08.23"]

1. Nf3 d6 2. d4 Bg4 3. e4 Nf6 4. Nc3 e6 5. h3 Bh5 6. Be3 c6 7. a4 d5 8. Bd3 Bb4
9. exd5 cxd5 10. O-O O-O 11. Ne2 Nc6 12. g4 Bg6 13. Ng3 Bxd3 14. Qxd3 Qc7 15.
c3 Bd6 16. Kg2 Na5 17. Nd2 Nc4 18. Nxc4 dxc4 19. Qc2 Bxg3 20. fxg3 Qc6+ 21. Kh2
Nd5 22. Bf4 a5 23. Rfe1 Ra6 24. Re5 Rb6 25. Rae1 Rb3 26. Bc1 Qxa4 27. Rh5 g6
28. Rh4 Re8 29. Qd2 Qd7 30. Qh6 f6 31. Qd2 a4 32. Rh6 a3 33. bxa3 Rxc3 34. Qe2
b5 35. Qe4 Kg7 36. g5 Rxc1 37. Qh4 Rc2+ 38. Kg1 Kg8 39. gxf6 Qf7 40. Rf1 Rf8
0-1

[Event "XXVII Festival Conca della Presolana A"]
[Site "Bratto - Castione della Presolana ITA"]
[Date "2007.08.25"]
[Round "3"]
[White "Martinez, Rolly"]
[Black "Epishin, Vladimir V."]
[Result "0-1"]
[WhiteElo "2428"]
[BlackElo "2587"]
[PlyCount "82"]
[EventDate "2007.08.23"]

1. e4 c6 2. d4 d5 3. Nc3 dxe4 4. Nxe4 Bf5 5. Ng3 Bg6 6. h4 h6 7. Nf3 Nd7 8. h5
Bh7 9. Bd3 Bxd3 10. Qxd3 Qc7 11. Bd2 Ngf6 12. O-O-O e6 13. Ne4 O-O-O 14. g3
Nxe4 15. Qxe4 Nf6 16. Qe2 Rd5 17. Bf4 Bd6 18. Be5 c5 19. Bxf6 gxf6 20. c4 cxd4
21. Kb1 d3 22. Rxd3 Rxd3 23. Qxd3 Rd8 24. Qc3 Be7 25. Qe3 Qc5 26. g4 Qxe3 27.
fxe3 Bc5 28. e4 Rg8 29. Rh4 Be7 30. Rh1 Rxg4 31. Rg1 Rxe4 32. Rg7 Rf4 33. Rxf7
Kd7 34. Nd2 e5 35. Rh7 Ke6 36. Rxh6 e4 37. Kc2 e3 38. Nb3 e2 39. Kd2 Re4 40.
Nd4+ Rxd4+ 41. Kxe2 Rxc4 0-1

[Event "XXVII Festival Conca della Presolana A"]
[Site "Bratto - Castione della Presolana ITA"]
[Date "2007.08.25"]
[Round "3"]
[White "Mazzariol, Oscar"]
[Black "Fontana, Enrico"]
[Result "0-1"]
[WhiteElo "2035"]
[BlackElo "2128"]
[PlyCount "54"]
[EventDate "2007.08.23"]

1. d4 g6 2. c4 Bg7 3. Nc3 d6 4. e4 e6 5. Be3 Ne7 6. f3 Nd7 7. Qd2 h6 8. b4 e5
9. d5 a5 10. Nb5 axb4 11. Qxb4 b6 12. a4 O-O 13. Ne2 f5 14. Nec3 fxe4 15. Nxe4
Nf5 16. Bf2 Nc5 17. Be2 Nd4 18. Nxd4 exd4 19. Ra3 Qe8 20. O-O Rxa4 21. Rxa4
Qxa4 22. Qd2 Bf5 23. Bxd4 Nb3 24. Qd1 Bxd4+ 25. Kh1 Bxe4 26. fxe4 Rxf1+ 27.
Bxf1 Qa1 0-1

[Event "XXVII Festival Conca della Presolana A"]
[Site "Bratto - Castione della Presolana ITA"]
[Date "2007.08.25"]
[Round "3"]
[White "Miatello, Alberto"]
[Black "Bassis, Ivano"]
[Result "0-1"]
[WhiteElo "2062"]
[BlackElo "2026"]
[PlyCount "56"]
[EventDate "2007.08.23"]

1. e4 d5 2. exd5 Qxd5 3. Nc3 Qa5 4. d4 Nf6 5. Bc4 c6 6. Bd2 Bf5 7. Nd5 Qd8 8.
Nxf6+ gxf6 9. Bc3 e6 10. Qe2 Be7 11. O-O-O b5 12. Bd3 Bxd3 13. Rxd3 Qd5 14. f4
Qxa2 15. f5 Qa1+ 16. Kd2 b4 17. fxe6 bxc3+ 18. bxc3 Qa2 19. Nf3 fxe6 20. d5 e5
21. Nxe5 fxe5 22. Qxe5 Rg8 23. g3 Nd7 24. Qh5+ Kd8 25. h4 cxd5 26. Rxd5 Rxg3
27. Qf7 Rg2+ 28. Ke3 Bc5+ 0-1

[Event "XXVII Festival Conca della Presolana A"]
[Site "Bratto - Castione della Presolana ITA"]
[Date "2007.08.25"]
[Round "3"]
[White "Pagnoncelli, Marco"]
[Black "Lanzani, Mario"]
[Result "0-1"]
[WhiteElo "2129"]
[BlackElo "2336"]
[PlyCount "90"]
[EventDate "2007.08.23"]

1. e4 e6 2. d4 d5 3. exd5 exd5 4. Nf3 Nf6 5. c4 Be7 6. Nc3 O-O 7. Bd3 Bg4 8.
O-O Nc6 9. Be3 Nb4 10. Be2 dxc4 11. Bxc4 Nbd5 12. h3 Bh5 13. Nxd5 Nxd5 14. g4
Bg6 15. Ne5 c6 16. Qb3 Nb6 17. Nxg6 hxg6 18. Bd3 Qd5 19. Qc2 Qf3 20. Qe2 Qxh3
21. f4 Nd5 22. Qf3 Qxf3 23. Rxf3 Nxe3 24. Rxe3 Bf6 25. Kg2 Rfe8 26. Rae1 Rxe3
27. Rxe3 Rd8 28. Bc4 Kf8 29. Rd3 b5 30. Bb3 Rxd4 31. Rxd4 Bxd4 32. a4 Bxb2 33.
axb5 cxb5 34. Bc2 Ke7 35. Kf3 Kd6 36. Ke4 Kc5 37. Bb3 f5+ 38. gxf5 gxf5+ 39.
Kxf5 Kd4 40. Ke6 a5 41. Kd6 a4 42. Be6 b4 43. Kc6 Kc3 44. Kb5 a3 45. Ka4 Bc1
0-1

[Event "XXVII Festival Conca della Presolana A"]
[Site "Bratto - Castione della Presolana ITA"]
[Date "2007.08.25"]
[Round "3"]
[White "Piemonti, Carlo"]
[Black "Valenti, Giuseppe"]
[Result "1/2-1/2"]
[WhiteElo "2029"]
[BlackElo "2221"]
[PlyCount "91"]
[EventDate "2007.08.23"]

1. e4 c5 2. Nf3 e6 3. b3 Nc6 4. Bb5 Qb6 5. Bxc6 Qxc6 6. Qe2 Nf6 7. d3 d5 8. e5
Nd7 9. c4 b5 10. Bg5 bxc4 11. bxc4 Nb6 12. Nbd2 h6 13. Bh4 g5 14. Bg3 Bg7 15.
h3 Ba6 16. O-O Rc8 17. Rfc1 Ke7 18. Rc2 dxc4 19. Nxc4 Nxc4 20. dxc4 Rhd8 21.
Rac1 Bb7 22. Rd2 Rd4 23. Rcd1 Rcd8 24. Qf1 Rxd2 25. Rxd2 Rxd2 26. Nxd2 f5 27.
exf6+ Bxf6 28. f3 Bd4+ 29. Kh2 Kf7 30. Qb1 Kg7 31. Ne4 e5 32. a4 Qb6 33. Qxb6
axb6 34. Nd6 Bc6 35. Nb5 Kf6 36. Be1 e4 37. Nxd4 cxd4 38. fxe4 Ke5 39. a5 bxa5
40. Bxa5 Kxe4 41. Kg1 Kd3 42. Kf2 Kc2 43. g3 Kd3 44. h4 Kxc4 45. hxg5 hxg5 46.
Ke2 1/2-1/2

[Event "XXVII Festival Conca della Presolana A"]
[Site "Bratto - Castione della Presolana ITA"]
[Date "2007.08.25"]
[Round "3"]
[White "Piscopo, Pierluigi"]
[Black "Bracaglia, Carlo"]
[Result "1-0"]
[WhiteElo "2392"]
[BlackElo "2134"]
[PlyCount "85"]
[EventDate "2007.08.23"]

1. e4 c6 2. c4 d5 3. exd5 cxd5 4. cxd5 Nf6 5. Nf3 g6 6. Bb5+ Nbd7 7. d6 e6 8.
O-O Qb6 9. Qe2 Bxd6 10. d4 O-O 11. Nc3 a6 12. Bc4 Qc7 13. Bh6 Re8 14. h3 Nb6
15. Bb3 Bd7 16. Ne5 Bc6 17. Rac1 Rac8 18. f4 Bf8 19. Bg5 Bg7 20. Qf2 Qd6 21.
Rcd1 Bd5 22. Bc2 Nc4 23. Bd3 b5 24. Rde1 Nb6 25. Qh4 Nfd7 26. Bh6 b4 27. Bxg7
Kxg7 28. Nxf7 Qf8 29. Ng5 bxc3 30. Qxh7+ Kf6 31. Qxg6+ Ke7 32. Nxe6 Bxe6 33.
Rxe6+ Kd8 34. Rxb6 Nxb6 35. Qxb6+ Rc7 36. bxc3 Re3 37. Bxa6 Rexc3 38. Bb5 Qe7
39. Kh2 Rc2 40. Qb8+ Rc8 41. Qe5 Qa3 42. Qd5+ Kc7 43. Rf3 1-0

[Event "XXVII Festival Conca della Presolana A"]
[Site "Bratto - Castione della Presolana ITA"]
[Date "2007.08.25"]
[Round "3"]
[White "Podini, Francesco"]
[Black "Cordara, Michele"]
[Result "0-1"]
[WhiteElo "2075"]
[BlackElo "2151"]
[PlyCount "70"]
[EventDate "2007.08.23"]

1. e4 c5 2. Nc3 Nc6 3. f4 g6 4. Nf3 Bg7 5. Bc4 a6 6. a4 d6 7. h3 e6 8. f5 exf5
9. d3 Nf6 10. O-O O-O 11. Bf4 Be6 12. exf5 Bxf5 13. Bg5 h6 14. Bh4 Be6 15. Nd5
g5 16. Nxf6+ Bxf6 17. Bg3 d5 18. Ba2 Qd7 19. c3 Bg7 20. d4 cxd4 21. cxd4 Bf5
22. Qd2 Be4 23. b4 g4 24. Ne5 Nxe5 25. dxe5 gxh3 26. gxh3 Qxh3 27. Qh2 Qxh2+
28. Kxh2 Rac8 29. Rac1 Rfe8 30. Rfd1 Rxc1 31. Rxc1 Bxe5 32. Bxe5 Rxe5 33. Rc7
Rf5 34. Kg3 Rf3+ 35. Kg4 Ra3 0-1

[Event "XXVII Festival Conca della Presolana A"]
[Site "Bratto - Castione della Presolana ITA"]
[Date "2007.08.25"]
[Round "3"]
[White "Poletti, Fausto"]
[Black "Maccagno, Giancarlo"]
[Result "0-1"]
[WhiteElo "2012"]
[BlackElo "2109"]
[PlyCount "110"]
[EventDate "2007.08.23"]

1. Nf3 g6 2. g3 Bg7 3. Bg2 e5 4. e4 Ne7 5. O-O O-O 6. d4 exd4 7. Nxd4 Nbc6 8.
Be3 d6 9. c3 Ne5 10. Na3 a6 11. h3 Rb8 12. f4 N5c6 13. Nac2 Na5 14. b3 b5 15.
Rc1 c5 16. Ne2 f5 17. exf5 Nxf5 18. Bf2 Bb7 19. Bxb7 Nxb7 20. Qd5+ Rf7 21. Rcd1
Qc8 22. Ne3 Ne7 23. Qg2 Qe6 24. Rfe1 Na5 25. Nd5 Nxd5 26. Rxd5 Re8 27. Rdd1 Nb7
28. g4 Qe4 29. Qxe4 Rxe4 30. Kf1 Rfe7 31. Rd3 Kf7 32. Rf3 d5 33. Ng3 Rxe1+ 34.
Bxe1 Nd6 35. Rd3 Ke6 36. f5+ gxf5 37. gxf5+ Nxf5 38. Nxf5 Rf7 39. Re3+ Kxf5 40.
Ke2 Rf6 41. Kd3 c4+ 42. Kc2 Re6 43. Rf3+ Ke4 44. Rf7 Rg6 45. Re7+ Be5 46. Rxh7
Rg2+ 47. Kd1 Rxa2 48. bxc4 bxc4 49. Rf7 Bf4 50. Rd7 a5 51. h4 a4 52. h5 a3 53.
Rd8 Rh2 54. Ra8 a2 55. Ra5 Rb2 0-1

[Event "XXVII Festival Conca della Presolana A"]
[Site "Bratto - Castione della Presolana ITA"]
[Date "2007.08.25"]
[Round "3"]
[White "Pomaro, Alberto"]
[Black "Manca, Federico"]
[Result "1-0"]
[WhiteElo "2149"]
[BlackElo "2417"]
[PlyCount "147"]
[EventDate "2007.08.23"]

1. d4 Nf6 2. c4 g6 3. Nc3 Bg7 4. e4 d6 5. Nf3 O-O 6. Be2 e5 7. O-O Nc6 8. d5
Ne7 9. Ne1 Nd7 10. Nd3 f5 11. Bd2 Nf6 12. f3 f4 13. c5 g5 14. Rc1 Ng6 15. cxd6
cxd6 16. Nb5 Rf7 17. Qc2 Ne8 18. a4 Bf8 19. Nf2 h5 20. h3 Rg7 21. Qb3 Nh4 22.
Rc2 a6 23. Na3 Nf6 24. Nc4 g4 25. Ba5 Qe8 26. fxg4 hxg4 27. Nxg4 Nxg4 28. Bxg4
Bxg4 29. hxg4 Rxg4 30. Be1 Qg6 31. Qh3 Be7 32. Bxh4 Rxh4 33. Qe6+ Qxe6 34. dxe6
Rh6 35. Nb6 Rf8 36. Nd5 Rxe6 37. Rc7 Bh4 38. Rxb7 Rg6 39. Rf3 Rc8 40. Rc7 Rxc7
41. Nxc7 Rg7 42. Nd5 a5 43. Rb3 Be1 44. Rb8+ Kh7 45. Kf1 Bd2 46. Rb6 Rg6 47.
Rb7+ Kh6 48. Ne7 Re6 49. b3 Kh5 50. Ke2 Bb4 51. Kf3 Kg5 52. Nd5 Bd2 53. Ke2 Bc1
54. b4 axb4 55. a5 Be3 56. Rxb4 Bc5 57. Rb7 Kh6 58. Ne7 d5 59. exd5 Ra6 60. Nc6
e4 61. Rb5 Bd6 62. Nd4 Bc7 63. Nb3 Kg6 64. Rc5 Ra7 65. Rc6+ Kf5 66. Nd4+ Ke5
67. Nb5 Rxa5 68. Nxc7 Ra2+ 69. Kd1 Rxg2 70. Re6+ Kd4 71. d6 Kd3 72. Kc1 f3 73.
d7 Rg8 74. Re8 1-0

[Event "XXVII Festival Conca della Presolana A"]
[Site "Bratto - Castione della Presolana ITA"]
[Date "2007.08.25"]
[Round "3"]
[White "Pulvirenti, Gianni"]
[Black "Pegoraro, Nicola"]
[Result "0-1"]
[WhiteElo "1987"]
[BlackElo "2061"]
[PlyCount "126"]
[EventDate "2007.08.23"]

1. d4 f5 2. c4 Nf6 3. Nc3 g6 4. Bg5 Bg7 5. Bxf6 Bxf6 6. e4 d6 7. g3 Nc6 8. Nge2
e5 9. dxe5 Bxe5 10. Bg2 O-O 11. exf5 Bxf5 12. O-O Be6 13. b3 Rb8 14. Qd2 Qd7
15. Rad1 Bg4 16. Bd5+ Kh8 17. f4 Bg7 18. Rde1 Bh3 19. Rf2 Rbe8 20. Bf3 Bf5 21.
Nd5 Be4 22. Kg2 Bxf3+ 23. Rxf3 Re6 24. Nec3 Rxe1 25. Qxe1 Re8 26. Re3 Rxe3 27.
Qxe3 Nd4 28. Nxc7 Nf5 29. Qxa7 Bxc3 30. Qxb7 h5 31. Qa8+ Kh7 32. Nb5 Bg7 33.
Qe4 Qf7 34. a4 Qf6 35. Qd3 Qb2+ 36. Kh3 Qf2 37. g4 hxg4+ 38. Kxg4 Ne3+ 39. Kg5
Bh6+ 40. Kf6 Qxf4+ 41. Ke6 Qe5+ 42. Kd7 d5 43. c5 Qg7+ 44. Kc6 Qf6+ 45. Kb7
Qe7+ 46. Kb6 Qd8+ 47. Ka6 Qa8+ 48. Na7 Nf5 49. Qb5 Be3 50. Qd7+ Kh6 51. b4 d4
52. a5 Qe4 53. c6 Bf4 54. b5 d3 55. b6 Qc4+ 56. Kb7 Nd6+ 57. Kc7 d2 58. Qh3+
Kg7 59. b7 d1=Q 60. Kb8 Nb5+ 61. Ka8 Nc7+ 62. Kb8 Qe6 63. Qc3+ Be5 0-1

[Event "XXVII Festival Conca della Presolana A"]
[Site "Bratto - Castione della Presolana ITA"]
[Date "2007.08.25"]
[Round "3"]
[White "Qendro, Llambi"]
[Black "Griffa, Roberto"]
[Result "1-0"]
[WhiteElo "2386"]
[BlackElo "2121"]
[PlyCount "83"]
[EventDate "2007.08.23"]

1. d4 d5 2. c4 c6 3. cxd5 cxd5 4. Nf3 Nf6 5. Nc3 Nc6 6. Bf4 a6 7. e3 Bg4 8. Be2
Bxf3 9. Bxf3 e6 10. O-O Bd6 11. Bxd6 Qxd6 12. Na4 Rc8 13. Nc5 Rc7 14. Qb3 Qe7
15. Qa4 O-O 16. Nxb7 Nxd4 17. Qxd4 Rxb7 18. Rfc1 Rfb8 19. b3 Rc7 20. Qa4 Rb6
21. e4 dxe4 22. Bxe4 g6 23. Bf3 Rc5 24. Qd4 Rxc1+ 25. Rxc1 Rd6 26. Qc5 Qd8 27.
Qc8 Qxc8 28. Rxc8+ Kg7 29. Rc6 Ne4 30. Rxd6 Nxd6 31. b4 Kf6 32. a4 Ke5 33. Be2
a5 34. bxa5 Kd5 35. Bb5 Nc8 36. g4 Kc5 37. g5 Nd6 38. a6 Kb6 39. Kg2 Ne4 40. h4
f5 41. f4 Nd6 42. Kf3 1-0

[Event "XXVII Festival Conca della Presolana A"]
[Site "Bratto - Castione della Presolana ITA"]
[Date "2007.08.25"]
[Round "3"]
[White "Radice, Luca"]
[Black "Turci, Alberto"]
[Result "1-0"]
[WhiteElo "2056"]
[BlackElo "2007"]
[PlyCount "51"]
[EventDate "2007.08.23"]

1. Nf3 Nf6 2. d4 g6 3. Nc3 Bg7 4. e4 d6 5. h3 c6 6. a4 O-O 7. Bd3 Nbd7 8. O-O
e5 9. Be3 Re8 10. dxe5 dxe5 11. Qd2 Qc7 12. Rfd1 Nf8 13. Bf1 Bd7 14. a5 Ne6 15.
Qd6 Qxd6 16. Rxd6 Bf8 17. Rd2 Nc5 18. Bg5 Nfxe4 19. Nxe4 Nxe4 20. Rxd7 Bc5 21.
Be3 Bxe3 22. fxe3 Nc5 23. Rdd1 f5 24. b4 e4 25. Nd4 Ne6 26. Nxe6 1-0

[Event "XXVII Festival Conca della Presolana A"]
[Site "Bratto - Castione della Presolana ITA"]
[Date "2007.08.25"]
[Round "3"]
[White "Reduzzi, Maurizio"]
[Black "Vocaturo, Daniele"]
[Result "0-1"]
[WhiteElo "2105"]
[BlackElo "2459"]
[PlyCount "54"]
[EventDate "2007.08.23"]

1. d4 Nf6 2. Nf3 g6 3. c4 Bg7 4. Nc3 O-O 5. e4 d6 6. h3 e5 7. d5 Na6 8. Bg5 Qe8
9. g4 c6 10. Be2 cxd5 11. Bxf6 Bxf6 12. Nxd5 Bd8 13. g5 Be6 14. h4 Nc5 15. Nd2
Bxd5 16. cxd5 Ba5 17. f3 f6 18. Rb1 Bxd2+ 19. Qxd2 a5 20. O-O fxg5 21. Qxg5 Kg7
22. h5 Rf6 23. h6+ Kf7 24. b3 Rf4 25. a3 a4 26. bxa4 Qxa4 27. Rb6 Qa7 0-1

[Event "XXVII Festival Conca della Presolana A"]
[Site "Bratto - Castione della Presolana ITA"]
[Date "2007.08.25"]
[Round "3"]
[White "Ricci, Alfredo"]
[Black "Bresciani, Nicola"]
[Result "1/2-1/2"]
[WhiteElo "2038"]
[BlackElo "2278"]
[PlyCount "101"]
[EventDate "2007.08.23"]

1. e4 c5 2. Nf3 d6 3. d4 cxd4 4. Nxd4 Nf6 5. Bd3 e5 6. Nf3 Nc6 7. c4 Be7 8. h3
O-O 9. Nc3 Be6 10. Be3 Nd7 11. g4 Nc5 12. Be2 Qa5 13. Qc2 Nb4 14. Qd1 Nc6 15.
O-O h5 16. a3 hxg4 17. hxg4 Qd8 18. b4 Nd7 19. Nh2 Bg5 20. Nd5 Bxe3 21. fxe3
Qg5 22. Qd3 Nf6 23. Nxf6+ gxf6 24. Rf2 Kg7 25. Nf3 Qg6 26. Rg2 Rh8 27. Kf2 Rh3
28. Rag1 Rah8 29. Ke1 Rh1 30. g5 Rxg1+ 31. Rxg1 f5 32. Qxd6 Rd8 33. Qc5 fxe4
34. Nxe5 Qh7 35. Ng4 Bxg4 36. Bxg4 Qh4+ 37. Kf1 Rd2 38. Qf5 Qh2 39. Qf6+ Kf8
40. Qh6+ Qxh6 41. gxh6 Rh2 42. Bf5 Rxh6 43. Bxe4 Re6 44. Bxc6 Rxc6 45. Rg4 Ra6
46. Ke2 Rxa3 47. Rd4 Ke7 48. Kf3 a5 49. bxa5 Rxa5 50. Rd3 Ra4 51. Rb3 1/2-1/2

[Event "XXVII Festival Conca della Presolana A"]
[Site "Bratto - Castione della Presolana ITA"]
[Date "2007.08.25"]
[Round "3"]
[White "Romanishin, Oleg M."]
[Black "Fierro Baquero, Martha Lorena"]
[Result "1/2-1/2"]
[WhiteElo "2546"]
[BlackElo "2344"]
[PlyCount "87"]
[EventDate "2007.08.23"]

1. d4 g6 2. Nf3 Bg7 3. g3 Nf6 4. Bg2 O-O 5. O-O d6 6. a4 a5 7. Nc3 c6 8. e4 Bg4
9. h3 Bxf3 10. Qxf3 e5 11. Be3 Na6 12. Rad1 Qe7 13. Qe2 Rfe8 14. Rd2 Nc7 15.
Rfd1 h5 16. d5 cxd5 17. exd5 Nd7 18. Qc4 Rec8 19. Qb3 Na6 20. Qxb7 Rcb8 21. Qc6
Ndc5 22. Nb5 Bf8 23. c3 Qd8 24. b4 axb4 25. cxb4 Nxb4 26. Qc7 Nxa4 27. Qxd8
Rxd8 28. Ra1 Nc5 29. Rxa8 Rxa8 30. Bxc5 dxc5 31. d6 Rb8 32. d7 Be7 33. Na3 Kf8
34. Nc4 f6 35. g4 hxg4 36. hxg4 Kf7 37. Be4 Rg8 38. Kf1 Ke6 39. Ne3 Bd6 40. Rd1
Rd8 41. Nc4 Rxd7 42. Bxg6 Rd8 43. Bf7+ Ke7 44. Ke2 {...} 1/2-1/2

[Event "XXVII Festival Conca della Presolana A"]
[Site "Bratto - Castione della Presolana ITA"]
[Date "2007.08.25"]
[Round "3"]
[White "Rombaldoni, Denis"]
[Black "Bruno, Fabio"]
[Result "0-1"]
[WhiteElo "2383"]
[BlackElo "2443"]
[PlyCount "58"]
[EventDate "2007.08.23"]

1. d4 d5 2. c4 c6 3. Nf3 e6 4. Qc2 Nf6 5. Bg5 Nbd7 6. cxd5 exd5 7. Nc3 Be7 8.
e3 O-O 9. Bd3 Re8 10. O-O Nf8 11. h3 g6 12. Bxf6 Bxf6 13. b4 Be7 14. b5 Bd6 15.
bxc6 bxc6 16. Na4 Qf6 17. Qe2 Ne6 18. g3 h5 19. Kg2 Bd7 20. Rab1 Kg7 21. h4 c5
22. Nxc5 Bxc5 23. dxc5 Nxc5 24. Bb5 Bg4 25. Bxe8 Rxe8 26. Rfc1 Nd3 27. Rc7 Ne5
28. Qb2 Bxf3+ 29. Kh3 Be4 0-1

[Event "XXVII Festival Conca della Presolana A"]
[Site "Bratto - Castione della Presolana ITA"]
[Date "2007.08.25"]
[Round "3"]
[White "Salmoiraghi, Angelo"]
[Black "Massironi, Marco"]
[Result "0-1"]
[WhiteElo "2031"]
[BlackElo "2129"]
[PlyCount "74"]
[EventDate "2007.08.23"]

1. e4 c5 2. Nc3 Nc6 3. g3 e6 4. Bg2 Nge7 5. d3 a6 6. Be3 d6 7. f4 b6 8. Nf3 Bb7
9. Ne2 f5 10. c3 Qd7 11. Qd2 g6 12. h3 Bg7 13. O-O O-O 14. d4 fxe4 15. Ng5 Nf5
16. dxc5 d5 17. Rad1 Qe7 18. h4 h6 19. Nh3 bxc5 20. Bf2 Rad8 21. Qc1 Na5 22. b3
d4 23. cxd4 cxd4 24. g4 d3 25. Nc3 e3 26. gxf5 e2 27. Bb6 exf1=Q+ 28. Bxf1 Rc8
29. Rxd3 Qb4 30. Bxa5 Qxa5 31. f6 Bxf6 32. Rg3 Rxc3 33. Rxg6+ Kf7 34. Qb1 Qh5
35. Ng5+ hxg5 36. Rxf6+ Kxf6 37. fxg5+ Ke7 0-1

[Event "XXVII Festival Conca della Presolana A"]
[Site "Bratto - Castione della Presolana ITA"]
[Date "2007.08.25"]
[Round "3"]
[White "Salvador, Roland"]
[Black "Lapiccirella, Daniele"]
[Result "1-0"]
[WhiteElo "2461"]
[BlackElo "2164"]
[PlyCount "105"]
[EventDate "2007.08.23"]

1. d4 d5 2. Nf3 Nf6 3. c4 c6 4. Nc3 e6 5. Bg5 Nbd7 6. e3 Qa5 7. Nd2 Bb4 8. Qc2
Ne4 9. Ndxe4 dxe4 10. Bf4 e5 11. Bg3 O-O 12. Be2 f5 13. O-O-O exd4 14. Rxd4
Bxc3 15. bxc3 Ne5 16. f3 exf3 17. gxf3 Be6 18. f4 Nd7 19. Bh4 Rae8 20. Rg1 Nc5
21. Bh5 Bf7 22. Bf6 g6 23. Be5 Ne4 24. Kb2 Rxe5 25. fxe5 Qxe5 26. Be2 Qxh2 27.
Rgd1 Nc5 28. Rd8 Qe5 29. Qd2 Rxd8 30. Qxd8+ Kg7 31. Qd4 Qxd4 32. cxd4 Ne4 33.
c5 h5 34. Kc2 h4 35. Rb1 h3 36. Rxb7 h2 37. Bf3 Kf6 38. Bxe4 fxe4 39. Rb1 Bxa2
40. Rh1 a5 41. Rxh2 Bd5 42. Rh8 Kf5 43. Kd2 a4 44. Ra8 Kg4 45. Rxa4 g5 46. Ra8
Kg3 47. Rd8 g4 48. Rxd5 cxd5 49. c6 Kf2 50. c7 g3 51. c8=Q g2 52. Qf5+ Kg1 53.
Qxd5 1-0

[Event "XXVII Festival Conca della Presolana A"]
[Site "Bratto - Castione della Presolana ITA"]
[Date "2007.08.25"]
[Round "3"]
[White "Sbarra, Marco"]
[Black "Canova, Luca"]
[Result "0-1"]
[WhiteElo "2233"]
[BlackElo "2082"]
[PlyCount "78"]
[EventDate "2007.08.23"]

1. d4 d5 2. c4 c6 3. Nc3 Nf6 4. e3 e6 5. Nf3 Nbd7 6. Qc2 Bd6 7. g4 dxc4 8. Bxc4
e5 9. Bd2 exd4 10. Nxd4 Ne5 11. Be2 Nfxg4 12. Ne4 Be7 13. Rg1 O-O 14. O-O-O c5
15. Nf3 Qc7 16. Bc3 f6 17. Nxe5 Nxe5 18. f4 Ng6 19. Bc4+ Kh8 20. Rxg6 hxg6 21.
Ng3 Kh7 22. Rd5 f5 23. Qg2 Be6 24. Rxc5 Bxc5 25. Qh3+ Kg8 26. Bxe6+ Rf7 27. Nf1
Bb4 28. Qg2 Bxc3 29. bxc3 Qxc3+ 30. Kb1 Qf6 31. Bb3 Kf8 32. Qh3 Rd8 33. e4 fxe4
34. Ne3 Rfd7 35. Ng4 Qd4 36. Qh8+ Ke7 37. Qh4+ Kd6 38. Ne5 Qg1+ 39. Kb2 Kc7 0-1

[Event "XXVII Festival Conca della Presolana A"]
[Site "Bratto - Castione della Presolana ITA"]
[Date "2007.08.25"]
[Round "3"]
[White "Schaefer, Markus"]
[Black "Hoffmann, Michael"]
[Result "1/2-1/2"]
[WhiteElo "2411"]
[BlackElo "2481"]
[PlyCount "26"]
[EventDate "2007.08.23"]

1. e4 e5 2. Nf3 Nc6 3. d4 exd4 4. Nxd4 Bc5 5. Be3 Qf6 6. c3 Nge7 7. Bc4 Ne5 8.
Be2 Qg6 9. O-O d6 10. f3 O-O 11. Nd2 d5 12. Kh1 dxe4 13. fxe4 Bg4 1/2-1/2